| 000 | 00662nam a2200205 i 4500 | ||
|---|---|---|---|
| 001 | 55313 | ||
| 003 | ES-MaACL | ||
| 005 | 20230906163123.0 | ||
| 007 | t| | ||
| 008 | 030917s1957 sp ||||1| spa d | ||
| 100 | 1 |
_aDempf, Alois. _9182541 |
|
| 245 | 1 | 0 |
_aMetafísica de la Edad Media / _cAlois Dempf ; [versión castellana de José Pérez Riesco]. |
| 260 |
_a[Valencia : _bGredos, _c1957] ( _fTip. Moderna) |
||
| 300 |
_a290 p. ; _c20 cm. |
||
| 490 | 1 | _aBiblioteca hispánica de filosofía | |
| 700 | 1 |
_aPérez Riesco, José. _991107 |
|
| 830 | 0 |
_aBiblioteca hispánica de filosofía _9181000 |
|
| 852 |
_aES-MaACL _jC-13721 _bR.41508 |
||
| 999 |
_c55313 _d55313 |
||